CURRENT GLOBAL TREND ON CORPORATE GOVERNANCE: (Record no. 200557)
[ view plain ]
| 000 -LEADER | |
|---|---|
| fixed length control field | 00645nam a22001817a 4500 |
| 005 - DATE AND TIME OF LATEST TRANSACTION | |
| control field | 20240205171028.0 |
| 010 ## - LCCN (DPL NO) | |
| LC control number | ENG-139127 |
| 020 ## - INTERNATIONAL STANDARD BOOK NUMBER | |
| Terms of availability | 1200.00 |
| International Standard Book Number | 9789390746743 |
| 035 ## - SYSTEM CONTROL NUMBER | |
| System control number | EN-122659 |
| 037 ## - SOURCE OF ACQUISITION | |
| Source of stock number/acquisition | DBAD/PUB |
| 082 ## - DEWEY DECIMAL CLASSIFICATION NUMBER | |
| Classification number | 658.4 |
| 100 ## - MAIN ENTRY--PERSONAL NAME | |
| Personal name | Benedict Ezeifekwuab Tochukwu |
| 245 ## - TITLE STATEMENT | |
| Title | CURRENT GLOBAL TREND ON CORPORATE GOVERNANCE: |
| Remainder of title | Challenges,Opportunities and Issues/ |
| Statement of responsibility, etc | By Ezeifekwuab Tochukwu Benedict |
| 260 ## - PUBLICATION, DISTRIBUTION, ETC. (IMPRINT) | |
| Place of publication, distribution, etc | kolkata |
| Name of publisher, distributor, etc | Exceller Books A Global Press |
| Date of publication, distribution, etc | 2021 |
| 270 ## - ADDRESS | |
| City | kolkata |
| Address | g1 Dream Apartment,Degree College Road ,Belgharia |
| Postal code | 700056 |
| 300 ## - PHYSICAL DESCRIPTION | |
| Extent | 272p. |
| Dimensions | 9cm(pb) |
| 942 ## - ADDED ENTRY ELEMENTS (KOHA) | |
| Source of classification or shelving scheme | Dewey Decimal Classification |
| Item type | English Books |
| Call number suffix | BEN |
| Classification part | 658.4 |
| Withdrawn status | Lost status | Not for loan | Collection code | Home library | Current library | Date acquired | Source of acquisition | Cost, normal purchase price | Full call number | Barcode | Copy number | Cost, replacement price | Koha item type |
|---|---|---|---|---|---|---|---|---|---|---|---|---|---|
| Non-fiction | Sarojini Nagar | Sarojini Nagar | 05/02/2024 | DBAD/PUB | 1200.00 | 658.4 BEN | EN-122659 | 1 | 1200.00 | English Books |
